Summer Olympics Hosts by Picture - Statistics

General Stats
  • This quiz has been taken 40 times
  • The average score is 27 of 32
Answer Stats
Picture Hint Answer % Correct
Year: 1896 Athína
100%
Year: 2004 Athína
100%
Year: 1900 Paris
100%
Year: 1924 Paris
100%
Year: 2024 Paris
100%
Year: 1908 London
97%
Year: 1948 London
97%
Year: 2012 London
97%
Year: 2016 Rio de Janeiro
97%
Year: 1960 Roma
97%
Year: 2000 Sydney
97%
Year: 1964 Tōkyō
97%
Year: 2020 Tōkyō
97%
Year: 2008 Běijīng
94%
Year: 1936 Berlin
94%
Year: 1992 Barcelona
91%
Year: 1932 Los Angeles
88%
Year: 1984 Los Angeles
88%
Year: 2028 Los Angeles
88%
Year: 1980 Moskva
88%
Year: 1988 Seoul
82%
Year: 1928 Amsterdam
79%
Year: 1972 München
76%
Year: 1996 Atlanta
73%
Year: 1912 Stockholm
70%
Year: 1968 Ciudad de México
64%
Year: 1976 Montréal
61%
Year: 1920 Antwerpen
58%
Year: 1952 Helsinki
58%
Year: 1956 Melbourne
55%
Year: 2032 Brisbane
52%
Year: 1904 St. Louis
52%
No matching quizzes found
Score Distribution
Percent of People with Each Score
Percentile by Number Answered
Your Score History
You have not taken this quiz